banner-ar

مصر من الثورة إلى النكسة : (Record no. 67727)

MARC details
000 -الفاتح
حقل البيانات ثابتة الطول 00918nam a2200217Ia 4500
005 - وقت وتاريخ اخر تعامل مع التسجيلة
رقم الضبط 20250622124039.0
008 - عناصر البيانات ثابتة الطول - معلومات عامة
حقل البيانات ثابتة الطول 250616s9999||||xx |||||||||||||| ||ara||
082 04 - رقم تصنيف ديوى العشرى
رقم التصنيف "962,06"
رقم المادة م م
100 0# - المدخل الرئيسى - إسم شخصى
الإسم الشخصى ممدوح أنيس فتحى
245 10 - بيان العنوان
العنوان مصر من الثورة إلى النكسة :
بقية العنوان مقدمات حرب حزيران / يونيو 1967 /
بيان المسئوليه,etc ممدوح أنيس فتحى
250 ## - بيان الطبعة
بيان الطبعة ط1
260 3# - PUBLICATION, DISTRIBUTION, ETC. (IMPRINT)
تاريخ النشر أو التوزيع د.ت.
300 ## - الوصف المادى
التعداد 624ص ؛
أبعاد الوعاء 24سم.
650 ## - المدخل الاضافى بالموضوع-مصطلح موضوعى
مصطلح موضوعي الاعتداء الثلاثى على مصر (1956)
650 ## - المدخل الاضافى بالموضوع-مصطلح موضوعى
مصطلح موضوعي النكسة
التقسيم الفرعي الجغرافي مصر
650 ## - المدخل الاضافى بالموضوع-مصطلح موضوعى
مصطلح موضوعي حرب يونيو 1967
التقسيم الفرعي الجغرافي مصر
651 ## - المدخل الاضافى بالموضوع - اسم جغرافى
الاسم الجغرافي مصر
التقسيم الفرعي العام تاريخ
651 ## - المدخل الاضافى بالموضوع - اسم جغرافى
الاسم الجغرافي مصر
التقسيم الفرعي العام تاريخ
التقسيم الفرعي الزمني العصر الحديث
-- جمال عبد الناصر (1954-1970)
942 ## - عناصر المدخل الإضافي( كوها)
Koha [default] item type كتاب
260 3# - PUBLICATION, DISTRIBUTION, ETC. (IMPRINT)
-- أبو ظبى :
-- "مركز الإمارات للدراسات والبحوث الاستراتيجية،"
Holdings
حالة التراجع حالة الفقد حالة تلف ليس للاعارة المكان المؤقت الموقع الحالى موقع الترفيف تاريخ الاكتساب اجمالي اﻻعارات تاريخ اخر مشاهدة تاريخ تفعيل السعر نوع وعاء كوها
        مكتبة القاهرة الكبرى مكتبة القاهرة الكبرى قاعة القاهرة_ك عربى 06/22/2025   06/22/2025 06/22/2025 كتاب

Powered By

EGPV